000 00997nam a22003377a 4500
001 BR0101766
003 BR-BrBNA
005 20230928100835.0
007 ta
008 230509b bl.||||| |||| 00| 0 por d
040 _aBR-BrBNA
_bpor
_cBiblioteca Nacional de Agricultura
041 _a(Por)
072 _aP33; P34
_b3840
090 _ 3840 BR0101766
100 1 _aSilveira, M.M.L. da
110 1 _aUniversidade Federal Rural de Pernambuco, Recife (Brasil)
_0Tese (Mestre)
245 1 _aFracionamento sequencial de fosforo em solos do semi-arido nordestino
260 3 _aRecife, PE (Brasil):
_c2000.
300 _a61 p.
500 _aBibliography p. 53-61; Summaries (Eng, Por); 25 tables; 6 illus.
650 _aSolo
650 _aLatossolo
650 _aSolo Argiloso
650 _aSolo Arido
650 _aFixacao de Fosforo
650 _aAnalise do Solo
650 _aDeficiencia do Solo
650 _aNordeste
909 _a202309
_bLucia
_c55
_dLucia Elande
942 _cBK
999 _c63047
_d63047